书目信息 |
| 题名: |
地下工程设计施工手册
|
|
| 作者: | 夏明耀 主编 | |
| 分册: | ||
| 出版信息: | 北京 中国建筑工业出版社 1999.07 |
|
| 页数: | 1017页 | |
| 开本: | 16开 | |
| 丛书名: | ||
| 单 册: | ||
| 中图分类: | ||
| 科图分类: | ||
| 主题词: | 地下建筑物 | |
| 电子资源: | ||
| ISBN: | 7-112-03775-1 | |
| 000 | 00629nam0 2200217 45 | |
| 001 | 9911070896 | |
| 005 | 20000621112130.2 | |
| 010 | @a7-112-03775-1@d86.00元 | |
| 100 | @a19991107d1999 km y0chiy0120 ea | |
| 101 | @achi | |
| 105 | @a z 000yy | |
| 200 | 1 | @a地下工程设计施工手册@ADi Xia Gong Cheng She Ji ShiGong Shou Ce@f夏明耀,曾进伦主编@FXia Ming Yao,CengJin Lun Zhu Bian |
| 205 | @a1 | |
| 210 | @a北京@c中国建筑工业出版社@d1999.07 | |
| 215 | @a1017页@d16开 | |
| 606 | 0 | @a地下建筑物 |
| 690 | @v3 | |
| 690 | @aTU9-62@v3 | |
| 701 | @a夏明耀@4主编 | |
| 801 | @aCN@bPFTUser@c19991107 | |
| 905 | @dTU9-62@eX918@b58895@f1 | |
| 地下工程设计施工手册/夏明耀,曾进伦主编.-1.-北京:中国建筑工业出版社,1999.07 |
| 1017页;16开 |
| ISBN 7-112-03775-1:86.00元 |
| ● |
| 相关链接 |
|
|
|
正题名:地下工程设计施工手册
索取号:TU9-62/X918
 
预约/预借
| 序号 | 登录号 | 条形码 | 馆藏地/架位号 | 状态 | 备注 |
| 1 | 58895 | 200588952 | 建筑库201/201建筑库 56排3列4层/ [索取号:TU9-62/X918] | 在馆 |